LIBRARY & INFORMATION CENTRE, KCAET, TAVANUR

ONLINE PUBLIC ACCESS CATALOGUE (OPAC)

Design and evaluation of a horizontal filter unit for ground water recharge through abandoned tube well (Record no. 15120)

MARC details
000 -LEADER
fixed length control field 00768nam a22001817a 4500
003 - CONTROL NUMBER IDENTIFIER
control field OSt
088 ## - REPORT NUMBER
Report number T 347
100 ## - MAIN ENTRY--AUTHOR NAME
Personal name JOMOL T. JOSEPH
245 ## - TITLE STATEMENT
Title Design and evaluation of a horizontal filter unit for ground water recharge through abandoned tube well
260 ## - PUBLICATION, DISTRIBUTION, ETC. (IMPRINT)
Place of publication Tavanur 2016
Name of publisher DEPARTMENT OF IRRIGATION AND DRAINAGE ENGINEERING
300 ## - PHYSICAL DESCRIPTION
Number of Pages 110
500 ## - GENERAL NOTE
General note Design and evaluation of a horizontal filter unit for ground water recharge through abandoned tube well
520 ## - SUMMARY, ETC.
Summary, etc Design and evaluation of a horizontal filter unit for ground water recharge through abandoned tube well
700 ## - ADDED ENTRY--PERSONAL NAME
Personal name Dr. Rema K. P (Guide)
856 ## - ELECTRONIC LOCATION AND ACCESS
Uniform Resource Identifier https://drive.google.com/open?id=1Hlo-EhO61IBqEUBwQkfJ5utQWHl7Oqhb
942 ## - ADDED ENTRY ELEMENTS (KOHA)
Koha item type Theses
Holdings
Collection code Home library Current library Shelving location Full call number Accession Number Koha item type Public note
Reference KAUAET KAUAET Reference 631.587 JOM/DE T 347 Theses M.Tech Thesis
free website counter